Вып. 3; Разоружение - веление времени

Бібліографічні деталі
Parent link:Разоружение - веление времени: сборник статей/ сост. Н. П. Прожогин. Вып. 3.— , 1983-1987
Інші автори: Прожогин Н. П. Николай Павлович (автор)
Мова:Російська
Опубліковано: 1984
Предмети:
Формат: Книга
KOHA link:https://koha.lib.tpu.ru/cgi-bin/koha/opac-detail.pl?biblionumber=293586

MARC

LEADER 00000nam2a2200000 4500
001 293586
005 20231102000616.0
020 |a RU  |b 84-26862 
035 |a (RuTPU)RU\TPU\book\318625 
090 |a 293586 
100 |a 20150505g1984 km y0rusy5003 ca 
101 0 |a rus 
102 |a RU 
105 |a y z 000zy 
200 0 |a Вып. 3 
210 |d 1984 
215 |a 240 с. 
461 1 |0 (RuTPU)RU\TPU\book\292553  |t Разоружение - веление времени  |o сборник статей  |o в 10 вып.  |f сост. Н. П. Прожогин  |v Вып. 3  |d 1983-1987 
606 1 |a Разоружение  |x Международные отношения  |2 stltpush  |3 (RuTPU)RU\TPU\subj\23632  |9 48187 
610 1 |a материалы 
610 1 |a мирное сосуществование 
610 1 |a документы 
610 1 |a 20 век 
610 1 |a речи 
610 1 |a заявления 
610 1 |a сообщения 
686 |a Ф4(0)32  |2 rubbk 
702 1 |a Прожогин  |b Н. П.  |g Николай Павлович  |4 070 
801 0 |a RU  |b RuMRKP  |c 19950704  |g psbo 
801 1 |a RU  |b 63413507  |c 20150505 
801 2 |a RU  |b 63413507  |c 20190116  |g RCR 
942 |c BK